01394cam a22003497a 450000100090000000300050000900500170001400800410003101000170007201500190008901600180010802000220012602000250014803500230017303500200019603800220021604000460023804200140028405000250029808200350032310000220035824500680038026000740044830000880052244000390061050400510064965000270070070000280072785601060075585600910086185600920095214957870NUST20210112111552.0070808s2007 enkaf b 001 0 eng d a 2007298648 aGBA6940782bnb7 a0135958022Uk a0470035803 (pbk.) a9780470035801 (pbk.) a(OCoLC)ocm75713394 a(OCoLC)75713394 aSNS library Staff aUKMcUKMdBAKERdBWKUKdYDXCPdBTCTAdDLC alccopycat00aQC20.7.F56bF57 200704a620.00151825 FIS 2008222bFIS1 aFish, J.q(Jacob)12aA first Course in Finite Elements cJacob Fish, Ted Belytschko. aChichester, England ;aHoboken, NJ :bJohn Wiley & Sons Ltd.,cc2007. axiv, 319 p., [8] p. of plates :bill. (some col.) ;c25 cm. +e1 CD-ROM (4 3/4 in.) aA first Course in Finite Elements  aIncludes bibliographical references and index. 0aFinite element method.1 aBelytschko, Ted,d1943-423Contributor biographical informationuhttp://www.loc.gov/catdir/enhancements/fy0741/2007298648-b.html423Publisher descriptionuhttp://www.loc.gov/catdir/enhancements/fy0741/2007298648-d.html413Table of contents onlyuhttp://www.loc.gov/catdir/enhancements/fy0741/2007298648-t.html